000 00279nam a2200121Ia 4500
008 190216s9999||||xx |||||||||||||| ||und||
100 _aBhatt P Cp
245 0 _aFundamental Algorithms
260 _bNarosha Publishing
_c1968
300 _a635p
650 _aPhysics
942 _cBK
999 _c33316
_d33316